Statistiken für Bud Spencer und Terence Hill Filme

Klicken Sie hier um das Quiz zu spielen!

Allgemein

  • Dieses Quiz wurde 249 mal gespielt
    (234 seit der letzten Aktualisierung)
  • Das Durchschnittsergebnis liegt bei 7 aus 18

Antwortstatistiken

JahrFilmtitel% Korrekt
1971Vier Fäuste für ein Halleluja
76%
1984Vier Fäuste gegen Rio
66%
1973Zwei wie Pech und Schwefel
58%
1977Zwei außer Rand und Band
53%
1979Das Krokodil und sein Nilpferd
52%
1969Die rechte und die linke Hand des Teufels
52%
1972Zwei Himmelhunde auf dem Weg zur Hölle
51%
1978Zwei sind nicht zu bremsen
51%
1981Zwei Asse trumpfen auf
47%
1983Zwei bärenstarke Typen
41%
1985Die Miami Cops
39%
1974Zwei Missionare
39%
1994Die Troublemaker
35%
1971Freibeuter der Meere
22%
1959Hannibal
19%
1968Vier für ein Ave Maria
18%
1967Zwei vom Affen gebissen
17%
1969Zwei hau'n auf den Putz
13%

Verteilung der Resultate

Perzentil nach korrekt beantworteten Fragen

Anzahl Personen mit jedem Resultat

Ihre Resultats-Entwicklung

Sie haben dieses Quiz seit der letzten Aktualisierung nicht gespielt